Teorija sverchprovodimosti

Gespeichert in:
Bibliographische Detailangaben
1. Verfasser: Šriffer, Dž (Verfasst von)
Format: Buch
Sprache:Russisch
Veröffentlicht: Moskva : Nauka, 1970
Tags: Tag hinzufügen
Keine Tags, Fügen Sie das erste Tag hinzu!

MARC

LEADER 00000nam a22000003a 4500
001 stu204606
005 20150617230054.6
008 100531s1970----xxr-----------------rus-d
040 |a STU  |b slo 
041 0 |a rus 
044 |a xxr 
080 |a 537.312.62  |7 stu_us_auth*stu5530 
100 1 |a Šriffer, Dž  |4 aut 
245 1 |a Teorija sverchprovodimosti 
260 |a Moskva :  |b Nauka,  |c 1970 
300 |a 311 s 
996 |b E24577  |c E*24577  |l EE05  |s P  |a 0  |w stu204606_0001 
996 |b E24502  |c E*24502  |l EE11  |s P  |a 0  |w stu204606_0002